000 00947nam a2200265 i 4500
003 DO-SdBNP
005 20250312141719.0
007 ta
008 240612b2023 dr c|||| |||| 00| 0 spa d
020 _a9789945187298
040 _aDO-SdBNP
_bspa
_cBNPHU
_erda
082 4 _axxx
_bB928c
_222
100 _aBuesa, José Angel,
_d1910-1982
_eautor
_4aut.
_937919
245 1 0 _aCanto a Duarte /
_cJosé Ángel Buesa ; edición, prólogo, anexo y notas, Luis Beiro Álvarez
264 _aSanto Domingo :
_bComisión Permanente de Efemérides Patrias,
_c2023.
300 _a85 páginas :
_bretratos ;
_c23 cm.
336 _atexto
_btxt
_2rdacontent
337 _asin mediación
_bn
_2rdamedia
338 _avolumen
_bnc
_2rdacarrier
500 _aIncluye datos biográficos del autor en las solapas
590 _aInventariado, 2024/BT
700 1 _aBeiro Álvarez, Luis,
_eeditor y prologuista
_4ed. y pr.
_921887
910 _aBtavárez
942 _2ddc
_cLBS1
999 _c56837
_d56837